Manual de Higiene y Seguridad Industrial en el Laboratorio AGRITECH NST S.A
El presente trabajo es una propuesta de un manual en materia de Higiene y Seguridad ocupacional, diseñado para la empresa AGRITECH NST. S.A. (Agriculture Technology New Science Tropical Sociedad Anónima), empresa líder en latino américa dedicada a la multiplicación de plantas.
| Main Authors: | , , |
|---|---|
| Other Authors: | |
| Format: | Tesis Section = Libro |
| Language: | Undetermined Spanish |
| Published: |
Managua
UNI
2021
|
| Subjects: |
| LEADER | 01205nam a2200301Ia 4500 | ||
|---|---|---|---|
| 008 | 240830s9999 xx 000 0 und d | ||
| 040 | |a BIBLIOTECA-RUPAP/ Mon 363.11 C355 | ||
| 041 | |a spa | ||
| 082 | |a Mon 363.11 C355 | ||
| 100 | 1 | |a Castro Pineda, Priscila Ledesma | |
| 100 | 1 | |b Miranda Cruz, Javier Leonel | |
| 100 | 1 | |c Cáceres Narváez, Luis Octavio | |
| 245 | 1 | 0 | |a Manual de Higiene y Seguridad Industrial en el Laboratorio AGRITECH NST S.A |
| 260 | |a Managua |b UNI |c 2021 | ||
| 300 | |a 190 p. :il. | ||
| 500 | |a Contiene: anexos y CD. | ||
| 502 | |a Tesis (Ingeniero Industrial) - UNI, 2021. | ||
| 520 | 3 | |a El presente trabajo es una propuesta de un manual en materia de Higiene y Seguridad ocupacional, diseñado para la empresa AGRITECH NST. S.A. (Agriculture Technology New Science Tropical Sociedad Anónima), empresa líder en latino américa dedicada a la multiplicación de plantas. | |
| 650 | 7 | |a SEGURIDAD INDUSTRIAL-MANUALES | |
| 650 | 7 | |b SALUD OCUPACIONAL | |
| 650 | 7 | |c AMBIENTE DE TRABAJO | |
| 650 | 7 | |d POLITICA | |
| 650 | 7 | |e NORMA | |
| 650 | 7 | |f PLANIFICACION | |
| 700 | 1 | |a Tutor: |b Velásquez Vargas, Glenda Marcia | |
| 942 | |c BK |2 ddc | ||
| 991 | |a TESIS | ||
| 999 | |c 18983 | ||